[Event "GER-ch Seniors Gp-B 19th"]
[Site "Templin"]
[Date "2007.08.31"]
[Round "9"]
[White "Kolkwitz, Klaus"]
[Black "Kapfer, Johannes"]
[Result "1-0"]
[WhiteElo "1662"]
[BlackElo "1623"]
[PlyCount "59"]
[EventDate "2007.08.23"]
[EventType "swiss"]
[EventRounds "9"]
[EventCountry "GER"]
[SourceTitle "EXT 2022"]
[Source "ChessBase"]
[SourceDate "2021.10.06"]
[SourceVersion "1"]
[SourceVersionDate "2021.10.06"]
[SourceQuality "1"]

1. d4 d5 2. Nf3 Nf6 3. e3 e6 4. Bd3 c5 5. c3 Nc6 6. Nbd2 Bd6 7. 0-0 Bd7 8. dxc5 Bxc5 9. e4 dxe4 10. Nxe4 Nxe4 11. Bxe4 Qc7 12. b4 Be7 13. Be3 Rd8 14. Qc2 Bf6 15. Rac1 h6 16. a4 b6 17. Rfd1 Bg5 18. Qe2 Bxe3 19. Qxe3 0-0 20. b5 Na5 21. c4 Bc8 22. Rxd8 Rxd8 23. Kf1 Bb7 24. Bxb7 Qxb7 25. c5 bxc5 26. Qxc5 Qd7 27. Qc7 Qxc7 28. Rxc7 Rd6 29. Rxa7 Nb3 30. Ne5 1-0

[Event "GER-ch Seniors Gp-B 19th"]
[Site "Templin"]
[Date "2007.08.24"]
[Round "2"]
[White "Kapfer, Johannes"]
[Black "Weller, Friedhelm"]
[Result "0-1"]
[WhiteElo "1623"]
[BlackElo "1756"]
[PlyCount "114"]
[EventDate "2007.08.23"]
[EventType "swiss"]
[EventRounds "9"]
[EventCountry "GER"]
[SourceTitle "EXT 2022"]
[Source "ChessBase"]
[SourceDate "2021.10.06"]
[SourceVersion "1"]
[SourceVersionDate "2021.10.06"]
[SourceQuality "1"]

1. c4 e5 2. Nc3 Nc6 3. Nf3 a6 4. d4 exd4 5. Nxd4 Ne5 6. e4 Bc5 7. Bf4 Ng6 8. Be3 d6 9. Be2 c6 10. 0-0 Nf6 11. Qd2 0-0 12. h3 Bb4 13. f3 Be6 14. a3 Bxc3 15. Qxc3 c5 16. Nc2 h6 17. Rad1 Qe7 18. Rd2 Rfd8 19. Rfd1 Ne8 20. Ne1 Rab8 21. Nd3 b5 22. cxb5 axb5 23. Nf4 Ne5 24. Nh5 Bc4 25. b3 Bxe2 26. Rxe2 b4 27. axb4 Rxb4 28. Nf4 Rdb8 29. Nd5 Qe6 30. Nxb4 Rxb4 31. Rb2 Qg6 32. Bf2 Nc6 33. Ra2 Qe6 34. Ra8 Kh7 35. Qc2 g6 36. Rb1 Nc7 37. Ra4 Rb8 38. f4 Nb5 39. f5 Qf6 40. Ra6 Nb4 41. fxg6+ Qxg6 42. Qc4 Nxa6 43. Rf1 Qe6 44. Qd3 Nb4 45. Qf3 Nc6 46. Bg3 Nbd4 47. Qxf7+ Qxf7 48. Rxf7+ Kg6 49. Rd7 Rxb3 50. Bxd6 Re3 51. Bxc5 Rxe4 52. Bf8 h5 53. Bc5 Nf5 54. Kh2 h4 55. Bf2 Re2 56. Bxh4 Ne5 57. Rd8 Nxh4 0-1

[Event "GER-ch Seniors 18th"]
[Site "Dresden"]
[Date "2006.07.30"]
[Round "9"]
[White "Piastowski, Kurt"]
[Black "Kapfer, Johannes"]
[Result "1-0"]
[WhiteElo "1844"]
[BlackElo "1708"]
[PlyCount "81"]
[EventDate "2006.07.22"]
[EventType "swiss"]
[EventRounds "9"]
[EventCountry "GER"]
[SourceTitle "EXT 2022"]
[Source "ChessBase"]
[SourceDate "2021.10.06"]
[SourceVersion "1"]
[SourceVersionDate "2021.10.06"]
[SourceQuality "1"]

1. d4 d5 2. Nf3 Nf6 3. Bf4 e6 4. Nbd2 c5 5. c3 Nbd7 6. e3 Be7 7. Bd3 Nh5 8. Bg3 Qb6 9. Qc2 h6 10. Ne5 Nxg3 11. hxg3 Nxe5 12. dxe5 c4 13. Be2 Qc7 14. Nf3 Bd7 15. Qd2 Bc5 16. b4 Bb6 17. a4 a6 18. Bd1 Ba7 19. Bc2 b5 20. a5 0-0-0 21. 0-0-0 f5 22. exf6 gxf6 23. Nh4 Be8 24. Qe2 Qg7 25. Nf3 Bf7 26. Nd4 Bxd4 27. exd4 Rde8 28. Rh4 Reg8 29. Kb2 f5 30. Rdh1 Qf6 31. Qe3 Rg5 32. Qf4 Kd7 33. g4 Kc6 34. g3 Be8 35. gxf5 exf5 36. Qb8 Kd7 37. Qb7+ Kd8 38. Qxd5+ Bd7 39. Re1 Qc6 40. Qxc6 Bxc6 41. Re6 1-0

[Event "GER-ch Seniors 18th"]
[Site "Dresden"]
[Date "2006.07.26"]
[Round "5"]
[White "Lukovski, Lev"]
[Black "Kapfer, Johannes"]
[Result "1-0"]
[WhiteElo "1890"]
[BlackElo "1708"]
[PlyCount "33"]
[EventDate "2006.07.22"]
[EventType "swiss"]
[EventRounds "9"]
[EventCountry "GER"]
[SourceTitle "EXT 2022"]
[Source "ChessBase"]
[SourceDate "2021.10.06"]
[SourceVersion "1"]
[SourceVersionDate "2021.10.06"]
[SourceQuality "1"]

1. d4 d5 2. Nf3 Nf6 3. g3 e6 4. Bg2 c5 5. c3 Nc6 6. 0-0 Be7 7. Bf4 0-0 8. Nbd2 Nh5 9. Be3 cxd4 10. cxd4 Bd7 11. Rc1 f5 12. Nb3 Nf6 13. h3 Ne4 14. Nc5 b6 15. Nxe6 Bxe6 16. Rxc6 Qd7 17. Ne5 1-0

[Event "NRW-ch Seniors 17th"]
[Site "Hattingen"]
[Date "2006.05.10"]
[Round "3"]
[White "Kapfer, Johannes"]
[Black "Krueger, Erich"]
[Result "0-1"]
[WhiteElo "1696"]
[BlackElo "2109"]
[PlyCount "80"]
[EventDate "2006.05.08"]
[EventType "swiss"]
[EventRounds "9"]
[EventCountry "GER"]
[SourceTitle "EXT 2007"]
[Source "ChessBase"]
[SourceDate "2006.11.23"]
[SourceVersion "1"]
[SourceVersionDate "2006.11.23"]
[SourceQuality "1"]

1. c4 Nf6 2. Nc3 g6 3. d4 Bg7 4. Nf3 0-0 5. g3 d5 6. cxd5 Nxd5 7. Bg2 Nxc3 8. bxc3 c5 9. 0-0 Nc6 10. e3 Qa5 11. Bd2 Qc7 12. Qc1 Bf5 13. Ne1 Bg4 14. f3 Be6 15. Nc2 Rac8 16. f4 Rfd8 17. Kh1 b6 18. Rd1 f5 19. Be1 Bd5 20. Bf2 Bxg2+ 21. Kxg2 cxd4 22. Nxd4 Nxd4 23. exd4 Qc6+ 24. Kg1 Qxc3 25. Qxc3 Rxc3 26. Rd2 e6 27. Re1 Kf7 28. Kg2 Rd5 29. Ree2 Ke7 30. Rc2 Rxc2 31. Rxc2 Kd7 32. Rc4 b5 33. Rb4 a5 34. Rb2 b4 35. a3 Bxd4 36. Bxd4 Rxd4 37. axb4 axb4 38. Kf3 Kd6 39. Ke3 Kd5 40. Ra2 b3 0-1

[Event "GER-ch Seniors-A 17th"]
[Site "Essen"]
[Date "2005.08.20"]
[Round "1"]
[White "Korn, Juergen Christof"]
[Black "Kapfer, Johannes"]
[Result "1-0"]
[WhiteElo "2050"]
[BlackElo "1684"]
[PlyCount "77"]
[EventDate "2005.08.20"]
[EventType "swiss"]
[EventRounds "9"]
[EventCountry "GER"]
[SourceTitle "CBM 108 Extra"]
[Source "ChessBase"]
[SourceDate "2005.11.04"]
[SourceVersion "1"]
[SourceVersionDate "2005.11.04"]
[SourceQuality "1"]

1. c4 c5 2. g3 Nf6 3. Bg2 g6 4. Nc3 Bg7 5. a3 0-0 6. b4 d6 7. Rb1 cxb4 8. axb4 Nc6 9. Nf3 Bf5 10. d3 Qc8 11. b5 Nd8 12. h3 Rb8 13. Bd2 Re8 14. Qa4 a6 15. g4 Bd7 16. Qb3 Ne6 17. 0-0 Nc5 18. Qc2 a5 19. d4 Ne6 20. g5 Nh5 21. Nd5 Nc7 22. Nb6 Qd8 23. Bxa5 e6 24. Qd2 Qe7 25. h4 Na8 26. Na4 f6 27. Bb4 fxg5 28. hxg5 Red8 29. e4 Rbc8 30. e5 Rxc4 31. Bxd6 Qf7 32. Nb2 Rcc8 33. Nd3 Nb6 34. Rfe1 Nc4 35. Qa2 Nxd6 36. exd6 Nf4 37. Nxf4 Qxf4 38. Ne5 Qxg5 39. Nxd7 1-0

[Event "Ruhrgebiet playoff 0304"]
[Site "Ruhrgebiet"]
[Date "2004.05.23"]
[Round "2.7"]
[White "Kiparski, Manuel"]
[Black "Kapfer, Johannes"]
[Result "1/2-1/2"]
[WhiteElo "1807"]
[BlackElo "1791"]
[PlyCount "99"]
[EventDate "2004.05.16"]
[EventType "team"]
[EventRounds "3"]
[EventCountry "GER"]
[SourceTitle "EXT 2006"]
[Source "ChessBase"]
[SourceDate "2005.11.24"]
[SourceVersion "1"]
[SourceVersionDate "2005.11.24"]
[SourceQuality "1"]
[WhiteTeam "Holsterhausen II"]
[BlackTeam "Kirchhellen SF"]
[WhiteTeamCountry "GER"]
[BlackTeamCountry "GER"]

1. e4 c5 2. Nf3 d6 3. d4 cxd4 4. Qxd4 Nc6 5. Bb5 Bd7 6. Bxc6 Bxc6 7. Nc3 h6 8. Be3 Nf6 9. h3 e6 10. 0-0-0 Be7 11. g4 Nd7 12. Qd2 Qa5 13. Kb1 Rc8 14. g5 hxg5 15. Nxg5 Bf6 16. f4 Bxc3 17. Qxc3 Qxc3 18. bxc3 d5 19. exd5 Bxd5 20. Rhe1 f6 21. Bc1 Bxa2+ 22. Kxa2 fxg5 23. Rxe6+ Kf7 24. Re3 Nb6 25. fxg5 Rhd8 26. Rxd8 Rxd8 27. Rd3 Re8 28. Be3 Re6 29. Kb3 Kg6 30. h4 Kh5 31. Bf2 Re5 32. c4 Re2 33. Bg3 Re7 34. Kb4 Nd7 35. Rd5 Kg4 36. Bf2 b6 37. Kb5 g6 38. c3 Rf7 39. Be1 Nc5 40. Rd6 Kh5 41. Rd8 Rf1 42. Re8 Nd3 43. Bg3 Rf5+ 44. Ka4 Kg4 45. Re3 Ra5+ 46. Kb3 Nc5+ 47. Kc2 Ra4 48. Be1 Ra2+ 49. Kb1 Ra4 50. Kc2 1/2-1/2